000 00748nam a2200265Ia 4500
003 OSt
005 20220926012330.0
006 a|||||r|||| 00| 0
007 ta
008 220923b |||||||| |||| 00| 0 eng d
020 _a0521630274
037 _cGeneral Book
040 _aRTL
_cRTL
_beng
041 _2eng
_aeng
082 _aV2.P, P2
100 _aMetcalf Barbara D
_9140975
245 0 _aConcise history of India
260 _aNew York
_bCambridge University Press U S A
_c2002
300 _axxiii,321p.
_ccm.
490 _aCambridge Concise Histories
650 _aIndian History
700 _a Metcalf Thomas R
942 _hV2.P, P2
_cGB
_2CC
999 _c622560
_d622560